2016-17 UEFA Europa League Results - Statistics

General Stats
  • This quiz has been taken 209 times
  • The average score is 21 of 32
Answers on the Map
Answers color-coded by a green-red scale on the quiz's map according to % correct below.
 
Answer Stats
Club % Correct
🏴󠁧󠁢󠁥󠁮󠁧󠁿 Manchester United
95%
🇳🇱 Ajax
94%
🇳🇱 AZ
82%
🇫🇷 Lyon
81%
🇧🇪 Anderlecht
77%
🇹🇷 Beşiktaş
76%
🇪🇸 Villarreal
76%
🇷🇺 Zenit St Petersburg
76%
🇧🇪 Genk
75%
🏴󠁧󠁢󠁥󠁮󠁧󠁿 Tottenham Hotspur
74%
🇩🇰 Copenhagen
73%
🇬🇷 Olympiacos
73%
🇮🇹 Roma
72%
🇨🇿 Sparta Prague
72%
🇨🇾 APOEL
70%
🇧🇪 Gent
70%
🇺🇦 Shakhtar Donetsk
69%
🇪🇸 Athletic Bilbao
65%
🇵🇱 Legia Warsaw
65%
🇹🇷 Fenerbahçe
64%
🇪🇸 Celta Vigo
60%
🇮🇹 Fiorentina
59%
🇧🇬 Ludogorets
59%
🇬🇷 PAOK
57%
🇩🇪 Schalke 04
56%
🇩🇪 Borussia Mönchengladbach
54%
🇷🇺 Krasnodar
51%
🇮🇱 Hapoel Be'er Sheva
48%
🇫🇷 Saint-Étienne
46%
🇷🇺 Rostov
42%
🇷🇴 Astra Giurgiu
34%
🇹🇷 Osmanlıspor
31%
No matching quizzes found
Score Distribution
Percent of People with Each Score
Percentile by Number Answered
Your Score History
You have not taken this quiz